| 000 | 00406cam a2200169ua 4500 | ||
|---|---|---|---|
| 020 | _c1.00 | ||
| 041 |
_amal _h |
||
| 082 |
_a894.812803 _bABD/CH |
||
| 100 | _aAbdul Khader, Vakkom. | ||
| 245 |
_aChitra darshini / _cVakkom Abdul Khader. _hTextual Documents |
||
| 260 |
_a : _bSaraswathi Press , _c1964. |
||
| 300 | _a97 ; . | ||
| 365 | _a1.00 | ||
| 504 | _a | ||
| 942 | _cBK | ||
| 999 |
_c6527 _d6527 |
||